| 000 | 00951nam a2200301 4500 | ||
|---|---|---|---|
| 003 | OSt | ||
| 005 | 20260601171006.0 | ||
| 008 | 260505b1973\\\\ldna||||\||||\00|\0\eng\d | ||
| 020 | _a0713405201 | ||
| 020 | _a071340521X | ||
| 040 |
_aICI _bspa _cICI |
||
| 041 | _aeng | ||
| 050 |
_aTH145 _bS78 1973 |
||
| 100 | 1 |
_aStroud Foster, Jack, _eautor _932319 |
|
| 245 | 1 |
_aStructure and fabric : _bPart 1 / _cJack Stroud Foster |
|
| 264 |
_aLondon ; _bB.T. Batsford Limited, _c1973 |
||
| 300 |
_a264 páginas : _bilustraciones |
||
| 336 |
_atexto _2rdacontent |
||
| 337 |
_asin medio _2rdamedia |
||
| 338 |
_avolumen _2rdacarrier |
||
| 490 | _aMitchell's Building Construction | ||
| 650 |
_aConstrucción de edificios _932320 |
||
| 650 | _aMateriales de construcción | ||
| 650 |
_aEstructuras (Ingeniería) _932322 |
||
| 650 |
_aArquitectura _xDetalles y construcción _932323 |
||
| 650 |
_aTecnología de la construcción _932324 |
||
| 942 |
_2lcc _cB _n1 |
||
| 999 |
_c20292 _d20292 |
||